| 000 | 01425cam a22003137a 4500 | ||
|---|---|---|---|
| 001 | 17969506 | ||
| 005 | 20220326193318.0 | ||
| 008 | 131212s2012 cr a 000 0dspa d | ||
| 010 | _a 2013374777 | ||
| 020 | _a9789930944363 | ||
| 020 | _a9930944362 | ||
| 035 | _a(OCoLC)ocn879676390 | ||
| 040 |
_aLRU _cLRU _dOCLCO _dOCLCA _dDLC |
||
| 042 | _alccopycat | ||
| 082 |
_a708 _bCh512p |
||
| 100 | 1 |
_aArrieta, Fabrizio, _d1982- _92425 |
|
| 245 | 1 | 3 |
_aEl principio del fín / _cFabricio Arrieta ; María José Chavarría, curaduría. |
| 260 |
_aSan José, Costa Rica : _bMuseo de Arte y Diseño Contemporáneo, _c[2012]. |
||
| 300 |
_a48 p. : _bcol. ill. ; _c25 cm. |
||
| 500 | _aCover title. | ||
| 505 |
_tImagen/texto/Imagen _rFiorella Resenterra _tDesde el principio del fin _rMaria Jose Chavarria _tObras y referencias _tEl principio del fin - o quizas el final del comienzo: ciertas apropiaciones y paradojas de la imagen _rErnesto Calvo _tTraducciones _tCurriculim Vitae _tCreditos |
||
| 546 | _aSpanish and English. | ||
| 600 | 1 | 0 |
_aArrieta, Fabrizio, _d1982- _92426 |
| 650 | 0 |
_aPainting, Costa Rican _vExhibitions. _92427 |
|
| 700 | 1 |
_aChavarría, María José. _92428 |
|
| 710 | 2 |
_aMuseo de Arte y Diseño Contemporáneo (San José, Costa Rica) _92429 |
|
| 906 |
_a7 _bcbc _ccopycat _d3 _encip _f20 _gy-gencatlg |
||
| 999 |
_c526 _d526 |
||